| 000 | 01584cam a22004574i 4500 | ||
|---|---|---|---|
| 003 | PE-LiUPU | ||
| 005 | 20250731172725.0 | ||
| 008 | 150617s r 000 0 d | ||
| 035 | _a(Sirsi) a11175 | ||
| 035 | _a(Sirsi) a11175 | ||
| 040 |
_aPE-LiUPU _bspa _cPE-LiUPU _erda |
||
| 049 | _aPRUA | ||
| 082 | 0 | 4 |
_a221.7 _bTOT _221 |
| 100 | 1 |
_aAndersen I. Francis, _eautor. |
|
| 245 | 1 | 0 |
_aJob. _n13 / _cFrancis Andersen I. |
| 264 | 1 |
_aDowners Grove, Illinois : _bInter-Varsity Press, _c[1974]. |
|
| 300 |
_a294 páginas ; _c20 cm. |
||
| 336 |
_atext _2rdacontent |
||
| 337 |
_aunmediated _2rdamedia |
||
| 338 |
_avolume _2rdacarrier |
||
| 505 | 0 | _aChief abbreviations -- texts and versions -- Comentaries. | |
| 526 | _aSEG42 | ||
| 526 | _aSEG41 | ||
| 526 | _aSEG40 | ||
| 526 | _aSEG39 | ||
| 526 | _aP94 | ||
| 526 | _aP87 | ||
| 526 | _aP86 | ||
| 526 | _aP85 | ||
| 526 | _aP77 | ||
| 526 | _aP76 | ||
| 526 | _aP35 | ||
| 630 |
_aBiblia _pA.T. _pJob _xComentarios. |
||
| 910 |
_ajck _bjvq _cjck _d20150616 |
||
| 942 |
_2ddc _cBOOK |
||
| 949 |
_a221.7 TOT 13 _wDEWEY _c1 _i37717 _lRC _mBUL _r0 _sY _tBOOK _u2015-4-21 _xBIBLIOTECA _zUNKNOWN _0COMPRA _o.CIRCNOTE. No olvidar cambiar la fecha de devolución!!!!!!! _o.STAFF. Colección General |
||
| 994 |
_aC0 _bPEPRU |
||
| 596 | _a1 | ||
| 999 |
_a221.7 TOT 13 _wDEWEY _c1298 _i37717 _d1298 _e2016-10-12 _f2021-11-8 _g6 _lCCODEBUL1 _mBUL _n2 _r1 _sY _tBOOK _u2015-4-21 _xTEOLOGIA _zUNKNOWN _0COMPRA _o.CIRCNOTE. No olvidar cambiar la fecha de devolución!!!!!!! _o.STAFF. Colección General |
||
| 980 |
_81 _gALBERTO SANCHEZ Responsable de Automatización |
||